Art tax. (Record no. 61040)

MARC details
000 -LEADER
fixed length control field 00801cam a2200193 4500
001 - CONTROL NUMBER
control field WB3524-01
008 - FIXED-LENGTH DATA ELEMENTS--GENERAL INFORMATION
fixed length control field 000000n1999 000 0 eng u
035 ## - SYSTEM CONTROL NUMBER
System control number (Sirsi) u101946
245 ## - TITLE STATEMENT
Title Art tax.
260 ## - PUBLICATION, DISTRIBUTION, ETC.
Date of publication, distribution, etc. 1999
490 ## - SERIES STATEMENT
Series statement Independent on Sunday
Volume/sequential designation 20 June 1999, 11
490 ## - SERIES STATEMENT
Series statement Daily Telegraph
Volume/sequential designation 21 June 1999, 8
490 ## - SERIES STATEMENT
Series statement Guardian
Volume/sequential designation 22 June 1999, 21(2)
520 ## - SUMMARY, ETC.
Summary, etc. The UK government has persuaded the EU's Internal Market Council to indefinitely postpone proposals for a droit de suite levy on the sale of art works. This would give artists and their heirs a percentage of the resale price of their works. Art dealers believe the levy would cause the market to migrate elsewhere.
650 ## - SUBJECT ADDED ENTRY--TOPICAL TERM
Topical term or geographic name entry element TAXATION
650 ## - SUBJECT ADDED ENTRY--TOPICAL TERM
Topical term or geographic name entry element INHERITANCE
690 ## - LOCAL SUBJECT ADDED ENTRY--TOPICAL TERM (OCLC, RLIN)
Topical term or geographic name as entry element Arts and antiques
9 (RLIN) 6217
942 ## - ADDED ENTRY ELEMENTS (KOHA)
Suppress in OPAC 0
Holdings
Withdrawn status Lost status Source of classification or shelving scheme Damaged status Not for loan Home library Current library Shelving location Date acquired Total Checkouts Full call number Barcode Date last seen Copy number Price effective from Koha item type
    Dewey Decimal Classification     London London News article 12/11/1999   WB3524-01 101946-1001 06/08/2019 1 06/08/2019 News article